De los delitos y de las penas
Uloženo v:
| Hlavní autor: | |
|---|---|
| Médium: | Kniha |
| Jazyk: | španělština |
| Vydáno: |
Buenos Aires
Ediciones Juridicas Europa-America
1974
|
| Vydání: | 1a. ed |
| Edice: | Clásicos del Derecho, 3
|
| Témata: | |
| Tagy: |
Přidat tag
Žádné tagy, Buďte první, kdo vytvoří štítek k tomuto záznamu!
|
MARC
| LEADER | 00000cam a2200000 a 4500 | ||
|---|---|---|---|
| 001 | UCD4088 | ||
| 003 | CL-VaPUC | ||
| 008 | 160623e19740000ag |||||||||||||||||spa|d | ||
| 082 | 0 | 4 | |a 364.01 |b BEC |2 21 |
| 100 | 0 | |a Beccaria, Cesare |e author |9 548160 | |
| 245 | 1 | 0 | |a De los delitos y de las penas |
| 250 | |a 1a. ed | ||
| 300 | |a 279 p | ||
| 942 | |c BK | ||
| 945 | |d 20160623 20:48:00 |a arojas | ||
| 260 | |a Buenos Aires |b Ediciones Juridicas Europa-America |c 1974 | ||
| 650 | 0 | |a Penas |9 255927 | |
| 650 | 0 | |a Delitos |9 224143 | |
| 650 | 7 | |a DERECHO PENAL |2 CL-VaPUC |9 11 | |
| 650 | 0 | |a Administración de justicia |9 382749 | |
| 650 | 0 | |a Teoría del delito |9 258906 | |
| 583 | |a last modification |c 20160623 20:48:00 |k Rodrigo Vera | ||
| 490 | 0 | |a Clásicos del Derecho, 3 | |
| 999 | |c 365034 |d 365032 | ||
| 952 | |0 0 |1 0 |3 erd |4 0 |6 364_010000000000000_BEC_1974 |7 0 |8 A |9 478730 |a FDOHBE |b FDOHBE |e Huesbe Llanos, Marco Antonio, 1934- |i 5334101 |o 364.01 BEC 1974 |p 5334101 |r 2024-01-30 |w 2019-11-24 |y BK |z Catalogado en:20160623 |k HBE | ||